単線と複線の境界駅(JR篇) - Statistics

General Stats
  • This quiz has been taken 126 times
  • The average score is 32 of 144
Answer Stats
会社 路線 境界駅 % Correct
JR東日本 横須賀線 横須賀
54%
JR東日本 成田線 成田
51%
JR東日本 外房線 上総一ノ宮
49%
JR東日本 総武本線 佐倉
47%
JR東日本 伊東線 来宮
47%
JR東日本 内房線 君津
46%
JR西日本 関西本線 木津
44%
JR東日本 川越線 日進
42%
JR西日本 片町線 松井山手
42%
JR西日本 奈良線 城陽
42%
JR東日本 青梅線 河辺
41%
JR北海道 函館本線 長万部
40%
JR東日本 両毛線 前橋
40%
JR東日本 外房線 勝浦
40%
JR東日本 中央本線 岡谷
39%
JR東海 飯田線 豊川
39%
JR東海 関西本線 桑名
39%
JR東海 関西本線 四日市
39%
JR西日本 福知山線 篠山口
38%
JR東海 身延線 富士宮
37%
JR西日本 山陰本線 園部
37%
JR西日本 山陰本線 伯耆大山
37%
JR東日本 羽越本線 村上
36%
JR東日本 羽越本線 新発田
36%
JR西日本 山陰本線 福知山
36%
JR西日本 山陰本線 松江
36%
JR西日本 山陰本線 綾部
35%
JR西日本 伯備線 備中高梁
35%
JR北海道 函館本線
34%
JR北海道 札沼線 あいの里公園
33%
JR北海道 函館本線 小樽
33%
JR東日本 奥羽本線 追分
33%
JR東海 関西本線 富田
33%
JR西日本 山陰本線 安来
33%
JR西日本 紀勢本線 紀伊田辺
32%
JR東日本 奥羽本線 大曲
31%
JR東日本 外房線 御宿
31%
JR北海道 函館本線 七飯
30%
JR東日本 南武線 川崎新町
30%
JR東日本 篠ノ井線 明科
30%
JR東海 関西本線 弥富
30%
JR東海 関西本線 南四日市
30%
JR東海 関西本線 河原田
30%
JR九州 長崎本線 諫早
30%
JR東日本 羽越本線 あつみ温泉
29%
JR東日本 両毛線 佐野
29%
JR東日本 篠ノ井線 松本
27%
JR西日本 奈良線 玉水
27%
JR九州 筑肥線 筑前前原
27%
JR東日本 奥羽本線 大館
26%
JR四国 予讃線 多度津
26%
JR九州 長崎本線 浦上
26%
JR東日本 仙石線 東塩釜
25%
JR西日本 奈良線 山城多賀
25%
JR西日本 宇野線 早島
25%
JR東日本 奥羽本線 川部
24%
JR東日本 奥羽本線 八郎潟
24%
JR東日本 羽越本線 仁賀保
24%
JR東日本 羽越本線 中条
24%
JR九州 長崎本線 喜々津
24%
JR九州 日豊本線 大分
24%
JR北海道 室蘭本線 洞爺
23%
JR東日本 外房線 東浪見
23%
JR西日本 山陰本線 東松江
23%
JR西日本 山陰本線 玉造温泉
23%
JR九州 長崎本線 江北
23%
JR北海道 室蘭本線 栗山
22%
JR東日本 奥羽本線 鷹ノ巣
22%
JR東日本 両毛線 駒形
22%
JR東海 関西本線 富田浜
22%
JR東日本 奥羽本線 羽前千歳
21%
JR東日本 奥羽本線 赤湯
21%
JR東日本 羽越本線 遊佐
21%
JR東日本 羽越本線 府屋
21%
JR東海 中央本線 奈良井
21%
JR東日本 常磐線 四ツ倉
20%
JR東日本 鶴見線 新芝浦
20%
JR九州 筑豊本線 飯塚
20%
JR東日本 両毛線 岩舟
19%
JR四国 高徳線 佐古
19%
JR北海道 札沼線 八軒
18%
JR東日本 奥羽本線 院内
18%
JR東日本 常磐線 広野
18%
JR東日本 外房線 長者町
18%
JR東海 中央本線 十二兼
17%
JR九州 日豊本線 日出
17%
JR東日本 奥羽本線 石川
16%
JR東日本 奥羽本線 森岳
16%
JR東日本 篠ノ井線 田沢
16%
JR東日本 奥羽本線 関根
15%
JR西日本 伯備線 石蟹
15%
JR西日本 伯備線 井倉
15%
JR九州 日豊本線 杵築
15%
JR東日本 羽越本線 吹浦
14%
JR東日本 白新線 新崎
14%
JR東海 中央本線 贄川
14%
JR西日本 山陰本線 来待
14%
JR西日本 宇野線 久々原
14%
JR九州 鹿児島本線 串木野
14%
JR東日本 奥羽本線 及位
13%
JR東日本 羽越本線 越後寒川
13%
JR東日本 羽越本線 間島
13%
JR九州 佐世保線 大町
13%
JR北海道 室蘭本線 由仁
12%
JR東日本 奥羽本線 羽前中山
12%
JR東日本 羽越本線 金浦
12%
JR東日本 羽越本線 羽前大山
12%
JR九州 佐世保線 高橋
12%
JR東日本 奥羽本線 早口
11%
JR東日本 奥羽本線 舟形
11%
JR東日本 羽越本線 藤島
11%
JR東日本 羽越本線 桑川
11%
JR東日本 常磐線 木戸
11%
JR東海 中央本線 宮ノ越
11%
JR九州 筑豊本線 中間
11%
JR九州 日豊本線 中山香
11%
JR東日本 奥羽本線 鹿渡
9%
JR東日本 奥羽本線 芦沢
9%
JR東日本 羽越本線 折渡
9%
JR東海 中央本線 原野
9%
JR北海道 函館本線 山崎
8%
JR東日本 奥羽本線 前山
8%
JR東日本 羽越本線 本楯
8%
JR東日本 羽越本線 勝木
8%
JR東海 中央本線 倉本
8%
JR九州 鹿児島本線 東市来
8%
JR九州 鹿児島本線 木場茶屋
8%
JR北海道 室蘭本線 稀府
7%
JR東日本 羽越本線 西目
7%
JR東日本 羽越本線 平林
7%
JR九州 筑豊本線 鞍手
7%
JR九州 日豊本線 立石
7%
JR北海道 室蘭本線 有珠
6%
JR北海道 函館本線 黒岩
6%
JR東日本 奥羽本線 羽後飯塚
6%
JR東日本 羽越本線 小岩川
6%
JR東日本 羽越本線 越後早川
6%
JR東日本 羽越本線 金塚
6%
JR北海道 室蘭本線 三川
5%
JR北海道 室蘭本線 長和
5%
JR東日本 奥羽本線 長峰
5%
JR東日本 羽越本線 道川
5%
JR東日本 奥羽本線 鶴形
4%
JR東日本 羽越本線 下浜
4%
No matching quizzes found
Score Distribution
Percent of People with Each Score
Percentile by Number Answered
Your Score History
You have not taken this quiz